Statistiche per Stati per densità di popolazione (dal fondo)

Clicka qui per fare il quiz!

Statistiche generali

  • Questo quiz è stato fatto 17 volte
  • Il punteggio medio è 11 su 20

Statistiche sulle risposte

Densità di popolazione (ab./km^2)Stato% Corretto
8,3Russia
100%
3,8Canada
94%
7Kazakistan
94%
2Mongolia
94%
3,3Australia
88%
3,9Libia
71%
3,9Mauritania
71%
15,5Congo
65%
13,1Ciad
59%
3,4Islanda
59%
11,3Turkmenistan
53%
3,2Namibia
47%
11,7Oman
41%
15,7Papua Nuova Guinea
41%
10,6Bolivia
35%
9,6Repubblica Centrafricana
35%
4Botswana
29%
3,7Suriname
29%
3,5Guyana
24%
8,3Gabon
12%

Distribuzione punteggi

Percentile per numero di risposta

Percentuale di utenti per punteggio

I tuoi punteggi nel tempo

Non hai fatto questo quiz